| 000 | 00921nam a22003137a 4500 | ||
|---|---|---|---|
| 003 | CHAP | ||
| 005 | 20220329135331.0 | ||
| 008 | 971013s1960 r 00010 d | ||
| 010 | _a34583 | ||
| 011 | _a35555 | ||
| 035 | _a39671 | ||
| 040 | _cCHAP | ||
| 082 |
_a541.38 _bF35 |
||
| 100 | 0 | 0 |
_aFaires, R. A. _939342 |
| 245 | _aRadioisotope laboratory techniques | ||
| 250 | _a2 ed. | ||
| 260 |
_aLondon : _bG. Newnes, _c1960 |
||
| 300 |
_a244 p. _b: ilus. |
||
| 590 |
_aBATCH-UPD _b10 _c20130110 _lUCH01 _h0224 |
||
| 590 |
_aBATCH-UPD _b10 _c20130110 _lUCH01 _h2153 |
||
| 590 |
_aBATCH-UPD _b10 _c20130409 _lUCH01 _h2245 |
||
| 590 |
_aBATCH-UPD _b10 _c20130914 _lUCH01 _h1652 |
||
| 590 |
_aCONVERSION _b10 _c20130109 _lUCH01 _h1319 |
||
| 650 | 1 | 4 |
_aRadioisótopos _xLaboratorios. _993703 |
| 700 | 0 |
_aParks, B. H. _985634 |
|
| 901 | _aBK | ||
| 942 | _cLIBRO | ||
| 949 |
_a541.38 F35 _bBC _cLIBRO _d33724000412110 _eLIBRO _i39671 _si |
||
| 999 |
_c34583 _d34583 |
||